Normal view
MARC view
Entry Personal Name
001 - CONTROL NUMBER
- control field: 1237141
003 - CONTROL NUMBER IDENTIFIER
- control field: OSt
005 - DATE AND TIME OF LATEST TRANSACTION
- control field: 20260430150324.0
008 - FIXED-LENGTH DATA ELEMENTS
- fixed length control field: 260430|| aca||aabn | a|a d
040 ## - CATALOGING SOURCE
- Original cataloging agency: OSt
- Transcribing agency: OSt
100 ## - HEADING--PERSONAL NAME
- Personal name: Singh Gambheer Au.; Lalitha C.S. Gu.; Neogy Samir Kumar Gu.; Promila Kumar Gu
670 ## - SOURCE DATA FOUND
- Source citation: Work cat.: (OSt)1849507: Singh Gambheer Au.; Lalitha C.S. Gu.; Neogy Samir Kumar Gu.; Promila Kumar Gu., Some Special Matrix Classes in linear Complementarity and their Applications, 2023
